000
00252nam a2200097Ia 4500
001
1120634
005
20250827004628.0
008
250824s9999 xx 000 0 und d
245
0
_a
İNSAN VE DAVRANIŞI
_c
DOĞAN CÜCELOĞLU
260
_b
REMZİ KİTABEVİ
999
_c
1120634
_d
1120634